000 00400 a2200133 4500
001 91338
082 _aPR 1233
090 _c43454
_d43453
100 _aAmin Zafar; Prof Wajid Ali Chishti and Eubaid John (Advisors)
245 _aComputer Code for theCalculation of Air conditioning Equipment
_n45 "A" EC
260 _aKarachi
_bNED University
_c1996
300 _a68p
500 _aBE Project Reports
942 _aCAE NUST
_kPR 1233
999 _c326411
_d326411